000 00568nam a22001817a 4500
003 UA-OsUOA
001 16971
007 ta
008 20040204b un ||||| |||| 00| 0 ukr d
100 _aТершко М.
942 _cSA
040 _aUA-OsUOA
_cUA-OsUOA
_dUA-OsUOA
245 _aВшанували фермерські родини [в обл. центрі на різдвяні свята ]
300 _aС.2
955 _a0
773 0 _w0
_tВісті Рівненщини
_dРівне
_d2004
_g№6/21 січ./
650 7 _aКраєзнавча робота
_2UDC
999 _c303139
_d303139